01116cam a22003135i 450000100090000000300090000900500170001800800410003502000180007604000800009408200200017410000280019424500330022225000200025526400500027526400100032530000570033533600260039233700280041833800270044649000290047350400510050265000370055365300200059065500170061094200120062799900170063995201460065617783502EG-ScBUE20230131103319.0130619t2012 sz a f b 001 0 eng d a9782940411771 aUKMGBbengerdacUKMGBdBTCTAdBDXdYDXCPdOCLCOdSINLBdIULdDLCdEG-ScBUE04222a770.11bPRA1 aPrakel, David,eauthor.10aComposition /cDavid Prakel. aSecond edition. 1aLausanne ;aWorthing :bAVA Academia,c[2012] 4cc2012 a175 pages :billustrations (chiefly color) ;c23 cm. 2rdacontentatextbtxt 2rdamediaaunmediatedbn 2rdacarrieravolumebnc0 aBasics photography ;v01 aIncludes bibliographical references and index. 7aComposition (Photography)2BUEsh bGGENcMarch2018 vReading book 2ddccBB c26414d26386 00102ddc40708AlahramaMAINbMAINc2NDd2018-03-26ePurchasel2m9o770.11 PRAp000047514r2025-07-15 00:00:00s2021-11-03w2018-03-26yBB